00381nam a2200157Ia 45000010006000000050017000060080041000230410008000640820015000721000030000872450053001172600009001703000028001796500008002076540008002151028420260306161820.0260306t1990||||xx |||||||||||||| ||spa|| aESP a914.6bV23 aParroquia San MigueleAUT 0aEl valle de Elorz:bnaturaleza - historia - arte c1990 a218 páginas :c24 cm. aGEN aCHU